| 000 | 01001cam a22002775a 4500 | ||
|---|---|---|---|
| 001 | 17959932 | ||
| 005 | 20151017153057.0 | ||
| 008 | 131202s2014 nyua frb 001 0 eng d | ||
| 020 | _a9780415838467 (hbk : alk. paper) | ||
| 020 | _a9780415838504 (pbk : alk. paper) | ||
| 040 |
_aDLC _beng _cDLC _dDLC _dEG-ScBUE |
||
| 082 | 0 | 4 |
_a333.91 _bYOU _222 |
| 100 | 1 |
_aYoung, Robert A. _d1931-2013. _938499 _q(Robert Alton), |
|
| 245 | 0 | 0 |
_aDetermining the economic value of water : _bconcepts and methods / _cRobert A. Young and John B. Loomis. |
| 250 | _a2nd ed. | ||
| 260 |
_aNew York : _bRFF press / taylor & francis group , _cc.2014. |
||
| 300 |
_axix, 337 p. : _bill. ; _c24 cm. |
||
| 500 | _aIndex : p.329-337. | ||
| 504 | _aBibliography : p. 301-328. | ||
| 650 | 0 |
_aWater-supply _xEconomic aspects. _2BUEsh |
|
| 650 | 0 |
_aWater resources development _xEconomic aspects. _2BUEsh |
|
| 651 | _2BUEsh | ||
| 653 |
_bBUSECO _cJune2015 _cOctober2015 |
||
| 700 | 1 | _qLoomis, John B. | |
| 942 |
_2ddc _k333.91 YOU |
||
| 999 |
_c19696 _d19668 |
||